000 00248nam a2200097Ia 4500
001 759935
005 20250826165139.0
008 250824s9999 xx 000 0 und d
245 0 _aGÖKKUŞAĞINI YAKALAMAK
_cKATHLEEN LONG
260 _bARKADYA YAYINLARI
999 _c759935
_d759935